000 01257nam0a22003131 4500
001 rc\3377876
005 20130115153656.4
021 _aRU
_b[74-27323]
035 _a(NLR Aleph) 007532729
090 _a7759994
_c7759994
100 _a20130115d1974 |||y0rusy50 ca
101 0 _arus
102 _aRU
105 _ay z |||||
200 1 _aОшибки в диагностике и лечении острых заболеваний органов брюшной полости в сельских районах
210 _aМинск
_cБеларусь
_d1974
215 _a192 с.
_d20
300 _aПеред загл. авт.: Л.В. Авдей, проф., П.Д. Карнаух, канд. мед. наук
320 _aСписок лит.: с. 187-191
606 _aОстрый живот
_xЛечение
_xОшибки
_2psbo
606 _aВрачи
_xПринципы поведения
_2psbo
606 _aОстрый живот
_xДиагностика
_xОшибки
_2psbo
700 1 _aАвдей
_bЛ. В.
_gЛеонид Викентьевич
701 1 _aКарнаух
_bП. Д.
_gПетр Данилович
801 0 _aRU
_bNLR
_gpsbo
801 1 _aRU
_bELAR
_2rusmarc
852 _aNLR
_j73-3/12559
942 _cBOOK
980 _aNB